000 00833nam a2200241 i 4500
001 bg
003 BPK
005 20200402144831.0
008 000114s1980 pl f f |000 0 pol
015 _aPB 1981/1799
040 _aWA N
_cBPK
041 0 _apol
080 _a621.313
080 _a(075.8)
100 1 _aBajorek, Zygmunt
_eAutor
245 1 0 _aTeoria maszyn elektrycznych :
_blaboratorium.
_nCz. 1,
_pInstrukcje do ćwiczeń.
_cZygmunt Bajorek.
260 _aRzeszów :
_bWydaw. Uczelniane Politechniki Rzeszowskiej im. Ignacego Łukasiewicza,
_c1980.
300 _a327 s. ;
_c21 cm, 21 x 30 cm.
650 4 _aMaszyny elektryczne
_xteoria.
655 4 _aPodręczniki akademickie
856 _uhttp://koha.tu.koszalin.pl/cgi-bin/koha/opac-detail.pl?biblionumber=19303
_yKatalog online BPK
942 _2UKD
_cKS
999 _c19303
_d19303